[Event "Liga CS Istok 2017"]
[Site "Zaječar, Hotel "]
[Date "2017.10.12"]
[Round "6.1"]
[White "Rajkovic, Ljubisa"]
[Black "Radenkovic, Dragan"]
[Result "1/2-1/2"]
[WhiteElo "2092"]
[BlackElo "2150"]
[PlyCount "56"]
[EventDate "2017.09.03"]

1. d4 d5 2. Nf3 g6 3. Bf4 Bg7 4. e3 Nf6 5. Nbd2 Nh5 6. Be5 f6 7. Bf4 Nxf4 8.
exf4 Qd6 9. g3 Qb4 10. Qc1 Bg4 11. c3 Qd6 12. Qd1 Qe6+ 13. Qe2 Qb6 14. O-O-O
Nc6 15. Qb5 O-O-O 16. Re1 Rhe8 17. Qxb6 cxb6 18. Bb5 a6 19. Bd3 e5 20. fxe5
fxe5 21. Nxe5 Nxe5 22. dxe5 Bxe5 23. f3 Bd7 24. f4 Bf6 25. Nf3 Kc7 26. Kd2 Kd6
27. Nd4 Bh3 28. Rxe8 Rxe8 1/2-1/2

[Event "Liga CS Istok 2017"]
[Site "Zaječar, Hotel "]
[Date "2017.10.12"]
[Round "6.1"]
[White "Klcesko, Nebojsa"]
[Black "Stojanovic, Goran"]
[Result "1-0"]
[WhiteElo "2014"]
[BlackElo "2044"]
[PlyCount "128"]
[EventDate "2017.09.03"]

1. d4 Nf6 2. Nf3 g6 3. c4 c5 4. Nc3 Bg7 5. d5 d6 6. h3 a6 7. e4 Nbd7 8. Bd3 b5
9. cxb5 O-O 10. O-O axb5 11. Bxb5 Ba6 12. Bxa6 Rxa6 13. Qe2 Qb6 14. Nd2 Rb8 15.
Nc4 Qb7 16. Bd2 Nb6 17. b3 Nfd7 18. Rab1 Bxc3 19. Bxc3 Nxc4 20. bxc4 Qxb1 21.
Rxb1 Rxb1+ 22. Kh2 f6 23. f4 Kf7 24. Qg4 Nf8 25. e5 Ra3 26. e6+ Ke8 27. Qg3 Rc1
28. Qf2 Rb1 29. Qc2 Rb7 30. Be1 Kd8 31. h4 Kc7 32. Bc3 Kc8 33. h5 gxh5 34. f5
h6 35. Bd2 Ra8 36. Bxh6 Kc7 37. Qe2 Nh7 38. Qxh5 Ng5 39. Bxg5 fxg5 40. Qxg5 Kb6
41. f6 exf6 42. Qxf6 Rh7+ 43. Kg1 Kc7 44. Qb2 Ra6 45. Qc2 Rg7 46. Qc3 Rh7 47.
Qf3 Ra8 48. Qg3 Re7 49. Qf3 Rh7 50. Qb3 Ra6 51. Qb5 Rb6 52. Qe8 Rg7 53. Qf8
Rb1+ 54. Kh2 Rh7+ 55. Kg3 Re1 56. Qa8 Kb6 57. Qc6+ Ka7 58. Qxd6 Rf1 59. Qxc5+
Ka6 60. Qd4 Rh6 61. Qd3 Rff6 62. c5+ Kb7 63. e7 Rh8 64. e8=Q Rxe8 1-0

[Event "Liga CS Istok 2017"]
[Site "Zaječar, Hotel "]
[Date "2017.10.12"]
[Round "6.1"]
[White "Milunovic, Sasa"]
[Black "Ninic, Dragoslav"]
[Result "1-0"]
[WhiteElo "1922"]
[BlackElo "2013"]
[PlyCount "54"]
[EventDate "2017.09.03"]

1. d4 Nf6 2. c4 e6 3. Nf3 c5 4. d5 d6 5. Nc3 e5 6. e4 Be7 7. h3 a6 8. Bd3 O-O
9. Be3 h6 10. g4 Nh7 11. Qd2 Bd7 12. a4 a5 13. Ne2 Na6 14. Ng3 Nb4 15. Be2 Ra6
16. Nf5 Bxf5 17. gxf5 Ng5 18. Bxg5 Bxg5 19. O-O-O Rb6 20. Rdg1 Qe8 21. Bd1 f6
22. Nxg5 fxg5 23. h4 gxh4 24. Qxh6 Qe7 25. Rxh4 Qf6 26. Rg6 Nd3+ 27. Kd2 Qxh4
1-0

[Event "Liga CS Istok 2017"]
[Site "Zaječar, Hotel "]
[Date "2017.10.12"]
[Round "6.1"]
[White "Radovanovic, Danko"]
[Black "Bulutic, Sasa"]
[Result "0-1"]
[WhiteElo "1826"]
[BlackElo "1970"]
[PlyCount "166"]
[EventDate "2017.09.03"]

1. c4 c5 2. Nc3 Nf6 3. Nf3 Nc6 4. g3 b6 5. Bg2 Bb7 6. O-O e6 7. d3 Be7 8. Bf4
O-O 9. Ne5 Nh5 10. Nxc6 Bxc6 11. Bxc6 dxc6 12. Bd2 Nf6 13. Qc2 Qc7 14. a3 Rfd8
15. Rab1 Rd7 16. Nd1 Rad8 17. Ne3 Ne8 18. Bc3 Bf6 19. Bxf6 Nxf6 20. Qc3 h5 21.
h4 Rd4 22. Kg2 Ng4 23. Nc2 R4d7 24. f3 Ne5 25. Ne3 Ng6 26. f4 f5 27. Qe1 Nf8
28. Qf2 Nh7 29. Qf3 Nf6 30. Rh1 g6 31. Rhe1 Rc8 32. Nd1 e5 33. fxe5 Qxe5 34.
Qe3 Qxe3 35. Nxe3 Re8 36. Kf3 Rde7 37. Nf1 Ng4 38. Rbd1 Rd8 39. Rd2 Rd4 40. b3
Ne5+ 41. Kf2 f4 42. Red1 fxg3+ 43. Kxg3 Rg4+ 44. Kh3 Rf7 45. Nh2 Rgf4 46. Rg1
Kh7 47. Rg3 Rf2 48. Re3 Rxh2+ 49. Kxh2 Ng4+ 50. Kg3 Nxe3 51. Rb2 Rf1 52. b4
cxb4 53. axb4 Nf5+ 54. Kh3 Ra1 55. e4 Nd4 56. Kg3 Ra3 57. Rd2 Kg7 58. Kf4 Kf7
59. Ke3 Ne6 60. Rf2+ Kg7 61. e5 c5 62. b5 Nd4 63. Ke4 Nf5 64. Rf4 Kf7 65. Rf3
Ke6 66. Rh3 Ra1 67. Kf4 Rf1+ 68. Ke4 Rg1 69. Rh2 Rg4+ 70. Kf3 Nxh4+ 71. Ke3
Nf5+ 72. Kf3 Rg3+ 73. Ke2 h4 74. Rh1 g5 75. Ra1 h3 76. Rxa7 h2 77. Rh7 Nh4 78.
d4 h1=Q 79. Rh6+ Kf5 80. Rf6+ Ke4 81. d5 Rg2+ 82. Rf2 Rxf2+ 83. Kxf2 Qg2+ 0-1

[Event "Liga CS Istok 2017"]
[Site "Zaječar, Hotel "]
[Date "2017.10.12"]
[Round "6.1"]
[White "Zivanovic, Milos"]
[Black "Kujic, Goran"]
[Result "1/2-1/2"]
[WhiteElo "1738"]
[BlackElo "1848"]
[PlyCount "84"]
[EventDate "2017.09.03"]

1. d4 d5 2. c4 e6 3. e3 Nf6 4. Nf3 b6 5. Be2 Bb7 6. O-O Be7 7. b3 O-O 8. Bb2
Ne4 9. Nc3 Nxc3 10. Bxc3 Nd7 11. Rc1 Rc8 12. Qc2 c5 13. cxd5 Bxd5 14. Qb2 cxd4
15. Bxd4 Bf6 16. Ne5 Bxe5 17. Bxe5 Nxe5 18. Qxe5 Rxc1 19. Rxc1 Bxg2 20. Kxg2
Qd2 21. Rc7 Qxe2 22. Rxa7 Qg4+ 23. Qg3 Qe4+ 24. Qf3 Qc2 25. Ra8 g6 26. b4 Kg7
27. Rxf8 Kxf8 28. Qa8+ Kg7 29. Qb7 Qxa2 30. Qxb6 Qd5+ 31. Kg1 Qd1+ 32. Kg2 Kf6
33. b5 Qd5+ 34. Kg1 h5 35. Qb8 h4 36. Qf4+ Ke7 37. Qxh4+ Kd7 38. Qa4 Kc7 39.
Qa7+ Qb7 40. Qc5+ Kd7 41. Qd4+ Kc7 42. Qc5+ Kd7 1/2-1/2

[Event "Liga CS Istok 2017"]
[Site "Zaječar, Hotel "]
[Date "2017.10.12"]
[Round "6.1"]
[White "Dimitrijevic, Zoran S"]
[Black "Rajic, Stefan*"]
[Result "1-0"]
[WhiteElo "1654"]
[BlackElo "1800"]
[PlyCount "148"]
[EventDate "2017.09.03"]

1. d4 d5 2. c4 e6 3. Nc3 Nf6 4. Bg5 Bb4 5. e3 O-O 6. cxd5 exd5 7. Bd3 h6 8. Bh4
c5 9. Nge2 cxd4 10. exd4 g5 11. Bg3 Ne4 12. O-O f5 13. Bxb8 Rxb8 14. Qc2 a6 15.
Nxd5 Bd6 16. Bxe4 fxe4 17. Nec3 Bf5 18. Qd2 b5 19. a3 b4 20. axb4 Bxb4 21. Ne3
Bd7 22. Rxa6 Bb5 23. Rxh6 Bxf1 24. Nxf1 Kg7 25. Rc6 Rf5 26. Qe3 Qd7 27. Ra6
Bxc3 28. bxc3 Rb1 29. Qe2 Qb5 30. Qxb5 Rfxb5 31. g3 Rc1 32. Kg2 Rb2 33. Ne3
Rxc3 34. Nd1 Rcc2 35. Nxb2 Rxb2 36. Re6 Rd2 37. Rxe4 Kf6 38. g4 Rd3 39. Kf1 Rh3
40. Kg2 Rd3 41. f4 gxf4 42. Rxf4+ Kg5 43. Re4 Rd2+ 44. Kf3 Rb2 45. Re5+ Kf6 46.
Ke4 Rg2 47. g5+ Kf7 48. Kd5 Ra2 49. Kc6 Ra6+ 50. Kb5 Ra2 51. d5 Rb2+ 52. Kc6
Rc2+ 53. Kd6 Ra2 54. Kc7 Rc2+ 55. Kd7 Ra2 56. Kc6 Rc2+ 57. Kd7 Ra2 58. Kd8 Rd2
59. Kd7 Ra2 60. Re6 Ra7+ 61. Kd6 Ra6+ 62. Ke5 Ra1 63. g6+ Kf8 64. d6 Re1+ 65.
Kd5 Rd1+ 66. Kc6 Rc1+ 67. Kd7 Rg1 68. Kd8 Ra1 69. d7 Ra8+ 70. Kc7 Ra7+ 71. Kd6
Ra6+ 72. Ke5 Ra8 73. Kf6 Rd8 74. g7+ Kg8 1-0

[Event "Liga CS Istok 2017"]
[Site "Zaječar, Hotel "]
[Date "2017.10.12"]
[Round "6.2"]
[White "Dinic, Dragan"]
[Black "Modric, Nesa"]
[Result "1-0"]
[WhiteElo "2267"]
[BlackElo "2197"]
[PlyCount "61"]
[EventDate "2017.09.03"]

1. e4 c6 2. Nc3 d5 3. Qe2 e6 4. Nf3 Nf6 5. d3 Bb4 6. e5 Nfd7 7. g3 Be7 8. Bg2
c5 9. O-O Nc6 10. Re1 a6 11. h4 h6 12. h5 b5 13. Bf4 Nb6 14. Rad1 Bb7 15. d4 b4
16. Nb1 cxd4 17. Nxd4 Nxd4 18. Rxd4 Bc6 19. c3 Bc5 20. Rdd1 a5 21. Qg4 Bf8 22.
Nd2 Bb5 23. Ne4 Nc8 24. Nd6+ Nxd6 25. exd6 Qd7 26. Bxd5 O-O-O 27. Bg2 Bc6 28.
Bxc6 Qxc6 29. cxb4 Kd7 30. Rc1 Qd5 31. Red1 1-0

[Event "Liga CS Istok 2017"]
[Site "Zaječar, Hotel "]
[Date "2017.10.12"]
[Round "6.2"]
[White "Celenkovic, Bojan"]
[Black "Pavlovic, Dean"]
[Result "1-0"]
[WhiteElo "2052"]
[BlackElo "2257"]
[PlyCount "23"]
[EventDate "2017.09.03"]

1. e4 e5 2. Nf3 Nc6 3. Bb5 a6 4. Ba4 Nf6 5. Qe2 b5 6. Bb3 Be7 7. O-O d6 8. c3
O-O 9. d3 Nb8 10. Re1 Nbd7 11. Nbd2 Re8 12. Bxf7+ 1-0

[Event "Liga CS Istok 2017"]
[Site "Zaječar, Hotel "]
[Date "2017.10.12"]
[Round "6.2"]
[White "Dodic, Dragan"]
[Black "Radakovic, Stevan"]
[Result "1-0"]
[WhiteElo "2050"]
[BlackElo "2025"]
[PlyCount "118"]
[EventDate "2017.09.03"]

1. c4 Nf6 2. Nc3 e6 3. Nf3 d5 4. e3 c6 5. d4 Bd6 6. b3 Nbd7 7. Be2 O-O 8. O-O
e5 9. dxe5 Nxe5 10. Bb2 dxc4 11. Nxe5 Bxe5 12. Bxc4 Qe7 13. Qc2 Be6 14. Bxe6
Qxe6 15. Ne2 Rad8 16. Bxe5 Qxe5 17. h3 h6 18. Rad1 Rfe8 19. Qc3 Qe7 20. Ng3 Ne4
21. Nxe4 Qxe4 22. Rxd8 Rxd8 23. Qa5 Ra8 24. Qc7 Qb4 25. Rd1 Rf8 26. g3 Qb6 27.
Qxb6 axb6 28. Rd7 Rb8 29. a4 b5 30. axb5 cxb5 31. Kf1 b4 32. Ke2 b5 33. Rd4 f5
34. g4 g6 35. gxf5 gxf5 36. Kf3 Rc8 37. Rd5 Rc3 38. Rxf5 Rxb3 39. Rxb5 Rb1 40.
Rb7 b3 41. Ke4 b2 42. f4 Kf8 43. f5 Kg8 44. h4 h5 45. Ke5 Re1 46. Rxb2 Rxe3+
47. Kf6 Rg3 48. Re2 Kf8 49. Re7 Kg8 50. Re8+ Kh7 51. Re4 Rg4 52. Ke5 Rg1 53.
Rd4 Kg8 54. Rd6 Kf7 55. Rd7+ Kg8 56. Kf6 Rg4 57. Rd8+ Kh7 58. Kf7 Rg7+ 59. Ke6
Rg4 1-0

[Event "Liga CS Istok 2017"]
[Site "Zaječar, Hotel "]
[Date "2017.10.12"]
[Round "6.2"]
[White "Damjanovic, Nebojsa"]
[Black "Petrovic, Petar R*"]
[Result "1/2-1/2"]
[WhiteElo "1955"]
[BlackElo "1994"]
[PlyCount "88"]
[EventDate "2017.09.03"]

1. e4 c5 2. Nf3 e6 3. Nc3 a6 4. g3 d6 5. Bg2 Nf6 6. O-O Be7 7. d4 cxd4 8. Nxd4
O-O 9. Be3 Nbd7 10. Nce2 Nc5 11. f3 Qc7 12. c4 b6 13. Nc3 Bb7 14. Qe2 Rac8 15.
Rfc1 Rfe8 16. b4 Ncd7 17. Na4 Ne5 18. Nb3 Nfd7 19. c5 dxc5 20. bxc5 b5 21. Nb6
Nxb6 22. cxb6 Qb8 23. Na5 Ba3 24. Rxc8 Qxc8 25. Nxb7 Qxb7 26. f4 Nc4 27. e5 Qe7
28. Bf2 Rb8 29. b7 Na5 30. Rd1 Nxb7 31. Bf3 Bc5 32. Kg2 Bxf2 33. Qxf2 Nc5 34.
Rd6 Rc8 35. Bc6 Na4 36. Qd2 Nc5 37. Qa5 Nb7 38. Bxb7 Qxb7+ 39. Kh3 h5 40. Qxa6
Qxa6 41. Rxa6 Rc2 42. Rb6 Rxa2 43. Rxb5 g6 44. Rb1 Kg7 1/2-1/2

[Event "Liga CS Istok 2017"]
[Site "Zaječar, Hotel "]
[Date "2017.10.12"]
[Round "6.2"]
[White "Radojkovic, Stefan**"]
[Black "Radulovic, Srecko"]
[Result "1-0"]
[WhiteElo "2014"]
[BlackElo "1942"]
[PlyCount "85"]
[EventDate "2017.09.03"]

1. e4 c6 2. d4 d5 3. exd5 cxd5 4. Bd3 Nc6 5. c3 Nf6 6. Nf3 g6 7. O-O Bg7 8. Re1
O-O 9. h3 Re8 10. Bf4 Qb6 11. Qb3 Qxb3 12. axb3 h6 13. Na3 a6 14. b4 Bf5 15.
Bxf5 gxf5 16. b5 axb5 17. Nxb5 Rxa1 18. Rxa1 Nh5 19. Bd2 Nf6 20. Ne1 Ne4 21.
Bf4 f6 22. Nc7 Rd8 23. f3 Nd6 24. Ne6 Rd7 25. Nc5 Rc7 26. Bxd6 exd6 27. Ne6 Rd7
28. Nf4 Ne7 29. Ra5 Kf7 30. Ned3 b6 31. Rb5 Nc8 32. Nxd5 Bf8 33. c4 Ra7 34.
Nxb6 Nxb6 35. Rxb6 Ra1+ 36. Kf2 Rd1 37. Ke2 Rg1 38. Ne1 h5 39. d5 f4 40. Rc6 f5
41. b4 Bg7 42. Rc7+ Kg6 43. Rxg7+ 1-0

[Event "Liga CS Istok 2017"]
[Site "Zaječar, Hotel "]
[Date "2017.10.12"]
[Round "6.2"]
[White "Korbovljanovic, Natasa*"]
[Black "Velikic, Vule"]
[Result "1-0"]
[WhiteElo "1847"]
[BlackElo "1804"]
[PlyCount "137"]
[EventDate "2017.09.03"]

1. e4 e6 2. d4 d5 3. exd5 exd5 4. Bd3 Bd6 5. Ne2 Ne7 6. c3 c6 7. Qc2 Bg4 8. h3
Bxe2 9. Qxe2 Nd7 10. Bg5 f6 11. Be3 Qb6 12. O-O O-O-O 13. b4 Rde8 14. Nd2 Ng6
15. Qg4 Re7 16. Nb3 Ngf8 17. a4 h5 18. Qd1 g6 19. a5 Qd8 20. Nc5 Qe8 21. Re1
Ne6 22. Qa4 Nb8 23. Nxe6 Rxe6 24. Bd2 f5 25. b5 Rxe1+ 26. Rxe1 Qd7 27. bxc6
Nxc6 28. Bb5 Re8 29. Rb1 Kc7 30. a6 b6 31. c4 dxc4 32. Qxc4 Re4 33. Rc1 Bc5 34.
Be3 f4 35. Qc2 Rxd4 36. Bxd4 Qxd4 37. Bxc6 Kxc6 38. Qxg6+ Kb5 39. Qxh5 Qxf2+
40. Kh1 Qe3 41. Ra1 Qe4 42. Qf3 Qd4 43. Qb3+ Kc6 44. Rd1 Qe5 45. Qa4+ b5 46.
Qa5 Bb6 47. Rc1+ Kd7 48. Qd2+ Ke6 49. Re1 Be3 50. Qd8 Kf5 51. Qd3+ Kg5 52. Rb1
Kf6 53. Qxb5 Qd6 54. Qh5 Qd3 55. Qb5 Qe4 56. Qb7 Qd4 57. Qc6+ Kg5 58. Rb5+ Kh4
59. Qh6+ Kg3 60. Qg5+ Kf2 61. Qh4+ Ke2 62. Qg4+ Kd2 63. Rb1 Kc3 64. Qc8+ Kd3
65. Rd1+ Bd2 66. Qf5+ Ke2 67. Qc2 f3 68. Qxd2+ Qxd2 69. Rxd2+ 1-0

[Event "Liga CS Istok 2017"]
[Site "Zaječar, Hotel "]
[Date "2017.10.12"]
[Round "6.2"]
[White "Milutinovic, Bojan"]
[Black "Popovic, Marko"]
[Result "1-0"]
[WhiteElo "1798"]
[BlackElo "1631"]
[PlyCount "113"]
[EventDate "2017.09.03"]

1. e4 c5 2. Nf3 d6 3. d4 cxd4 4. Nxd4 Nf6 5. Nc3 a6 6. Bg5 e6 7. f4 Qc7 8. Bxf6
gxf6 9. Qf3 Bd7 10. O-O-O Nc6 11. Nb3 h5 12. Kb1 O-O-O 13. g3 Kb8 14. h3 Ne7
15. Bg2 f5 16. Qf2 Bg7 17. Nd4 e5 18. fxe5 Bxe5 19. exf5 Bxd4 20. Rxd4 Bxf5 21.
Rb4 d5 22. Rd1 Be6 23. Rbd4 Rhg8 24. Nxd5 Nxd5 25. Bxd5 Qxg3 26. Qd2 Qg5 27.
Qh2+ Qg3 28. Qd2 Qg5 29. Qh2+ Ka7 30. c4 Bxd5 31. cxd5 f5 32. Qf2 Qg3 33. Qxf5
Rg5 34. Qd3 h4 35. Qxg3 hxg3 36. Rg4 Rxg4 37. hxg4 Rg8 38. d6 Kb6 39. d7 Kc7
40. Rd3 g2 41. Rg3 Kxd7 42. Rxg2 Ke6 43. Kc2 Rg5 44. Kd3 Kd5 45. Ke3 Ke5 46.
Kf3 b5 47. Rc2 Kd4 48. Rc6 a5 49. Rf6 Rg8 50. Rf5 Kc4 51. g5 a4 52. Kg4 b4 53.
Rf4+ Kc5 54. b3 axb3 55. axb3 Rd8 56. g6 Rd1 57. Rf3 1-0

[Event "Liga CS Istok 2017"]
[Site "Zaječar, Hotel "]
[Date "2017.10.12"]
[Round "6.3"]
[White "Tosic, Branislav"]
[Black "Stankovic, Nemanja"]
[Result "1/2-1/2"]
[WhiteElo "2208"]
[BlackElo "2147"]
[PlyCount "60"]
[EventDate "2017.09.03"]

1. e4 e6 2. d4 d5 3. Nd2 Nf6 4. e5 Nfd7 5. Bd3 c5 6. c3 Nc6 7. Ne2 cxd4 8. cxd4
f6 9. exf6 Nxf6 10. Nf3 Bd6 11. O-O Qc7 12. Bg5 O-O 13. Rc1 Bd7 14. a3 a6 15.
Qd2 Rae8 16. Bf4 Bxf4 17. Qxf4 Qxf4 18. Nxf4 Ng4 19. g3 e5 20. Nxe5 Ngxe5 21.
dxe5 Rxe5 22. Rfe1 Rfe8 23. Rxe5 Rxe5 24. Rd1 Bg4 25. Rd2 Bf3 26. Be2 Bxe2 27.
Nxe2 Kf7 28. Kf1 g5 29. Nd4 Nxd4 30. Rxd4 b5 1/2-1/2

[Event "Liga CS Istok 2017"]
[Site "Zaječar, Hotel "]
[Date "2017.10.12"]
[Round "6.3"]
[White "Stojanovic, Dragisa P"]
[Black "Trailovic, Mile"]
[Result "1-0"]
[WhiteElo "2148"]
[BlackElo "2094"]
[PlyCount "66"]
[EventDate "2017.09.03"]

1. e4 c5 2. Nf3 Nc6 3. d4 cxd4 4. Nxd4 Nf6 5. Nc3 g6 6. Be3 Bg7 7. f3 O-O 8.
Qd2 d6 9. O-O-O Bd7 10. h4 h5 11. g4 Kh7 12. Nd5 Ne5 13. Nxf6+ Bxf6 14. gxh5
gxh5 15. Bg5 Bg7 16. Be2 Rc8 17. Qb4 Nc6 18. Nxc6 Rxc6 19. Be3 b5 20. Rd5 f5
21. Rxb5 e6 22. exf5 exf5 23. Bd3 Ra6 24. Bg5 Qc8 25. Rb8 Qxb8 26. Qxb8 Rxb8
27. Bxa6 Bxb2+ 28. Kd2 Rb6 29. Bc4 Bc6 30. Bd3 Bd7 31. Re1 Kg6 32. Bc4 Bc6 33.
Re6+ Kg7 {Partija je dalje nečitko napisana.} 1-0

[Event "Liga CS Istok 2017"]
[Site "Zaječar, Hotel "]
[Date "2017.10.12"]
[Round "6.3"]
[White "Vlajic, Sasa"]
[Black "Knezevic, Ilija"]
[Result "1/2-1/2"]
[WhiteElo "2147"]
[BlackElo "2168"]
[PlyCount "122"]
[EventDate "2017.09.03"]

1. Nf3 d5 2. g3 c6 3. Bg2 Bf5 4. O-O e6 5. d3 Nf6 6. a4 a5 7. Nbd2 Be7 8. c3 h6
9. Qb3 Qc8 10. Ne5 Nbd7 11. Ndf3 Nxe5 12. Nxe5 Nd7 13. Nxd7 Qxd7 14. e4 Bh7 15.
f4 O-O 16. Be3 Rfc8 17. Rad1 b6 18. f5 Rab8 19. Rf2 b5 20. Rdf1 exf5 21. exd5
c5 22. axb5 Qxb5 23. Qxb5 Rxb5 24. Ra1 Bd6 25. c4 Rb3 26. Rxa5 Rxd3 27. Bf4
Bxf4 28. Rxf4 g5 29. Rf2 Rd4 30. b3 f4 31. gxf4 gxf4 32. Re2 Rd3 33. Be4 Rxb3
34. Bxh7+ Kxh7 35. Re7 Kg6 36. Ra6+ f6 37. Kf2 Kf5 38. Rc6 Rb2+ 39. Kf1 Rb1+
40. Kf2 Rb2+ 41. Kf1 Ra8 42. Re2 Rxe2 43. Kxe2 Ra2+ 44. Kf3 Ra3+ 45. Ke2 Ra2+
46. Kf3 Rxh2 47. d6 Rd2 48. Rxc5+ Ke6 49. Kxf4 Rxd6 50. Rc8 Rd4+ 51. Ke3 Rd1
52. Rh8 Rh1 53. Rd8 h5 54. c5 h4 55. Kf2 Rc1 56. Rh8 Rc4 57. Rh5 f5 58. Rh8 Rg4
59. Kf3 Rc4 60. Ke3 Kf7 61. Kf2 Kg6 1/2-1/2

[Event "Liga CS Istok 2017"]
[Site "Zaječar, Hotel "]
[Date "2017.10.12"]
[Round "6.3"]
[White "Stojanovic, Jovan"]
[Black "Mitrovic, Darko A"]
[Result "1-0"]
[WhiteElo "2023"]
[BlackElo "2076"]
[PlyCount "69"]
[EventDate "2017.09.03"]

1. e4 e5 2. Nf3 Nf6 3. Nxe5 d6 4. Nf3 Nxe4 5. Nc3 Nxc3 6. dxc3 Be7 7. Be3 Nc6
8. Qd2 Bg4 9. Be2 O-O 10. O-O-O Re8 11. h3 Bd7 12. Kb1 Bf6 13. g4 g6 14. g5 Bg7
15. h4 Bg4 16. Nh2 Bxe2 17. Qxe2 Ne7 18. Ng4 Nf5 19. Qf3 Qe7 20. Bc1 Qe4 21.
Qh3 Qc6 22. h5 Re2 23. hxg6 hxg6 24. Nf6+ Kf8 25. Rde1 Rxe1 26. Rxe1 Rd8 27.
Qh7 Ne7 28. Rxe7 Kxe7 29. Qxg7 Qf3 30. b3 Qh3 31. Nd5+ Ke8 32. Qg8+ Kd7 33.
Qxf7+ Kc6 34. Qxc7+ Kxd5 35. Qxd8 1-0

[Event "Liga CS Istok 2017"]
[Site "Zaječar, Hotel "]
[Date "2017.10.12"]
[Round "6.3"]
[White "Zivkovic, Toplica"]
[Black "Milosevic, Sinisa"]
[Result "1/2-1/2"]
[WhiteElo "1942"]
[BlackElo "1978"]
[PlyCount "31"]
[EventDate "2017.09.03"]

1. d4 Nf6 2. c4 c5 3. e3 g6 4. Nf3 Bg7 5. Nc3 O-O 6. g3 cxd4 7. exd4 d5 8. c5
Nc6 9. Bg2 Ne4 10. O-O e5 11. Nxe4 dxe4 12. Nxe5 Nxd4 13. Nc4 Nf3+ 14. Bxf3
exf3 15. Qxf3 Qd4 16. Nd6 1/2-1/2

[Event "Liga CS Istok 2017"]
[Site "Zaječar, Hotel "]
[Date "2017.10.12"]
[Round "6.3"]
[White "Urosevic, Dejan"]
[Black "Nikolic, Nikola*"]
[Result "1/2-1/2"]
[WhiteElo "1899"]
[BlackElo "1840"]
[PlyCount "75"]
[EventDate "2017.09.03"]

1. e4 e5 2. Nf3 Nc6 3. d4 exd4 4. Nxd4 Bc5 5. Be3 Bxd4 6. Bxd4 Nf6 7. Nc3 O-O
8. Be3 d6 9. h3 Re8 10. Qf3 Ne5 11. Qd1 Be6 12. Qd4 c5 13. Qd2 Bc4 14. Be2 Bxe2
15. Qxe2 a6 16. O-O h6 17. Rad1 Qe7 18. Bf4 Rad8 19. Rfe1 b5 20. b3 Nc6 21. f3
d5 22. exd5 Qxe2 23. Rxe2 Rxe2 24. Nxe2 Rxd5 25. Rxd5 Nxd5 26. c3 f5 27. Kf2
Kf7 28. Be3 Ne5 29. Bd2 Nd3+ 30. Kf1 Kf6 31. g3 g5 32. Ng1 c4 33. Ke2 f4 34. g4
Ke5 35. b4 Nb2 36. Kf1 Ne3+ 37. Ke2 Nc2 38. Kf1 1/2-1/2

[Event "Liga CS Istok 2017"]
[Site "Zaječar, Hotel "]
[Date "2017.10.12"]
[Round "6.3"]
[White "Nikic, Dragan"]
[Black "Jankovic, Uros**"]
[Result "0-1"]
[WhiteElo "1821"]
[BlackElo "1802"]
[PlyCount "90"]
[EventDate "2017.09.03"]

1. e4 c5 2. Nf3 d6 3. d4 cxd4 4. Nxd4 Nf6 5. Nc3 a6 6. f3 Nc6 7. Be3 e5 8. Nb3
Be6 9. Qd2 Be7 10. g4 O-O 11. O-O-O Ne8 12. g5 Rc8 13. Kb1 b5 14. h4 f5 15.
exf5 Bxf5 16. Bh3 Qd7 17. Bxf5 Qxf5 18. Rdf1 Nc7 19. f4 Qe6 20. Qd3 exf4 21.
Bxf4 Rf5 22. Bc1 Rcf8 23. Re1 Re5 24. Rxe5 dxe5 25. h5 Qf5 26. Qxf5 Rxf5 27.
Ne4 Ne6 28. Rg1 Nf4 29. Bxf4 exf4 30. Nbd2 Ne5 31. c3 f3 32. Kc2 f2 33. Rf1 Ng4
34. Kd3 Bxg5 35. Nxg5 Rxg5 36. Ke4 Rxh5 37. Kf4 Rd5 38. Ne4 h5 39. Nxf2 g5+ 40.
Ke4 Re5+ 41. Kd3 Rf5 42. Ke2 Rxf2+ 43. Rxf2 Nxf2 44. Kxf2 Kf7 45. b3 Ke6 0-1

[Event "Liga CS Istok 2017"]
[Site "Zaječar, Hotel "]
[Date "2017.10.12"]
[Round "6.4"]
[White "Zlatanovic, Zoran"]
[Black "Milojevic, Boban"]
[Result "1-0"]
[WhiteElo "2071"]
[BlackElo "1963"]
[PlyCount "115"]
[EventDate "2017.09.03"]

1. e4 c5 2. Nf3 d6 3. d4 cxd4 4. Nxd4 g6 5. Nc3 Bg7 6. g3 Nc6 7. Nde2 Nf6 8.
Bg2 O-O 9. O-O Bd7 10. h3 Rc8 11. Nd5 Ne8 12. c3 e6 13. Ne3 Ne5 14. b3 Bc6 15.
f4 Nd7 16. Nd4 Nc5 17. Nxc6 bxc6 18. Ba3 Qa5 19. Nc4 Qxc3 20. Rc1 Qd4+ 21. Kh2
f5 22. Nxd6 Nxd6 23. Bxc5 Qxd1 24. Rfxd1 Nxe4 25. Bxe4 fxe4 26. Bxf8 Bxf8 27.
Rd4 Ba3 28. Re1 e3 29. Re4 Bc5 30. Rxe6 Kf7 31. Re5 Bd4 32. Re4 Rd8 33. Rd1 c5
34. Rxe3 Rb8 35. Re4 a5 36. Rexd4 cxd4 37. Rxd4 Rc8 38. Rc4 Rd8 39. Ra4 Rd5 40.
Kg2 Ke6 41. Kf3 Rd3+ 42. Kf2 Rd5 43. Ke3 Rh5 44. h4 Rd5 45. Re4+ Kf5 46. Re5+
Rxe5+ 47. fxe5 Kxe5 48. a3 h6 49. b4 axb4 50. axb4 Kd5 51. Kf4 Kd4 52. b5 Kd5
53. b6 Kc6 54. Ke5 Kxb6 55. Kf6 g5 56. hxg5 hxg5 57. Kxg5 Kc5 58. Kf6 1-0

[Event "Liga CS Istok 2017"]
[Site "Zaječar, Hotel "]
[Date "2017.10.12"]
[Round "6.4"]
[White "Djordjevic, Zoran V"]
[Black "Kalcic, Krsta"]
[Result "0-1"]
[WhiteElo "2051"]
[BlackElo "2136"]
[PlyCount "88"]
[EventDate "2017.09.03"]

1. d4 Nf6 2. c4 c5 3. d5 g6 4. Nc3 Bg7 5. e4 O-O 6. Nf3 e6 7. Bd3 exd5 8. exd5
Re8+ 9. Kf1 d6 10. h3 a6 11. a4 Nfd7 12. Ne4 Ne5 13. Bg5 f6 14. Bf4 Nxc4 15.
Nxc5 Nxb2 16. Qb3 dxc5 17. d6+ c4 18. Bxc4+ Nxc4 19. Qxc4+ Be6 20. Qc7 Qxc7 21.
dxc7 Nc6 22. Rb1 b5 23. Rc1 Bc4+ 24. Kg1 f5 25. Kh2 Be5 26. Nxe5 Nxe5 27. Bxe5
Rxe5 28. Rhd1 Kf7 29. Rd8 Re8 30. Rd7+ Ke6 31. Rxh7 Kd6 32. axb5 axb5 33. Rd1+
Kc6 34. Rdd7 Rac8 35. Kg3 b4 36. Rd4 Kc5 37. Rd1 b3 38. Rg7 Kb4 39. Rxg6 Rxc7
40. Kf4 Kc3 41. Rb6 Bd3 42. g4 fxg4 43. hxg4 Re4+ 44. Kg5 Rxg4+ 0-1

[Event "Liga CS Istok 2017"]
[Site "Zaječar, Hotel "]
[Date "2017.10.12"]
[Round "6.4"]
[White "Vasic, Milovan"]
[Black "Colic, Ninoslav"]
[Result "0-1"]
[WhiteElo "1660"]
[BlackElo "2100"]
[PlyCount "146"]
[EventDate "2017.09.03"]

1. e4 Nf6 2. Nc3 d6 3. d4 g6 4. f3 Bg7 5. Be3 O-O 6. Qd2 c6 7. Bd3 b5 8. a3 a6
9. Nge2 Nbd7 10. O-O c5 11. dxc5 dxc5 12. Ng3 c4 13. Be2 Ne5 14. Qxd8 Rxd8 15.
Rad1 Bb7 16. Bb6 Rxd1 17. Rxd1 e6 18. Rd8+ Rxd8 19. Bxd8 Nc6 20. Bb6 Nd7 21.
Be3 Nd4 22. Bd1 h5 23. Bc1 Bf8 24. Nce2 e5 25. c3 Ne6 26. Nf1 Ndc5 27. Bc2 Nd3
28. Bxd3 cxd3 29. Neg3 h4 30. Nh1 Bc5+ 31. Ne3 f5 32. exf5 gxf5 33. Kf1 Bxe3
34. Bxe3 h3 35. Nf2 hxg2+ 36. Kxg2 e4 37. f4 Nc7 38. Kg3 Nd5 39. Bc1 Nb6 40. b3
Bd5 41. Nd1 Bxb3 42. Ne3 Be6 43. Kf2 Kf7 44. Nf1 Nd5 45. Bd2 Kf6 46. Kg3 Bf7
47. Ne3 Nb6 48. Kf2 Bh5 49. Ke1 Ke6 50. Ng2 Nc4 51. Bc1 a5 52. Ne3 Nb6 53. Bd2
a4 54. Kf2 Kf6 55. Kg3 Bf7 56. h3 Nd7 57. Kf2 Nc5 58. Nf1 Nb3 59. Ke3 Be6 60.
Ng3 Na5 61. Nf1 Nc4+ 62. Kf2 Nxa3 63. Ne3 Kg6 64. Bc1 Nb1 65. Bb2 a3 66. Ba1 a2
67. Ke1 Na3 68. Kd2 Nc4+ 69. Nxc4 Bxc4 70. Ke3 Kh5 71. Bb2 Kh4 72. Ba1 Kxh3 73.
Bb2 Kg2 0-1

[Event "Liga CS Istok 2017"]
[Site "Zaječar, Hotel "]
[Date "2017.10.12"]
[Round "6.4"]
[White "Stojanovic, Sreten"]
[Black "Tuovic, Milos"]
[Result "1-0"]
[WhiteElo "2065"]
[BlackElo "1699"]
[PlyCount "101"]
[EventDate "2017.09.03"]

1. e4 e5 2. Nf3 Nc6 3. Bb5 Bc5 4. c3 d6 5. d4 exd4 6. Nxd4 Bd7 7. Bxc6 Bxc6 8.
Nxc6 bxc6 9. Qg4 Qf6 10. f3 h5 11. Qg3 h4 12. Qg4 Nh6 13. Qg5 Qxg5 14. Bxg5 f6
15. Bxh4 Ng4 16. fxg4 Rxh4 17. h3 O-O-O 18. Nd2 Re8 19. O-O-O Be3 20. Rde1
Bxd2+ 21. Kxd2 Re5 22. Rhf1 Rh8 23. Rf5 Rhe8 24. Rxe5 Rxe5 25. Re3 Kd7 26. c4
Ra5 27. a3 Ke6 28. Kd3 Ke5 29. Rf3 g6 30. h4 d5 31. exd5 cxd5 32. h5 Ke6 33. h6
Kf7 34. Re3 Rc5 35. Re8 Kxe8 36. h7 Rxc4 37. h8=Q+ Kf7 38. Qh7+ Ke6 39. Qg8+
Kd6 40. Qf8+ Ke6 41. b3 Rc1 42. Qg8+ Ke5 43. Qxg6 Rf1 44. g5 c5 45. Qe8+ Kd6
46. Qf8+ Ke5 47. gxf6 Rxf6 48. Qxc5 Rf7 49. g4 Rf3+ 50. Ke2 Rxb3 51. g5 1-0